| 000 | 01211nam0a2200325 4500 | ||
|---|---|---|---|
| 001 | RU\NLR\bibl\848399 | ||
| 005 | 20250614151227.0 | ||
| 021 |
_aRU _b2005-54715 _92674 |
||
| 035 | _a(NLR Aleph) 000837163 | ||
| 090 |
_a1397493 _c1397493 |
||
| 100 | _a20051004d2005 |||y0rusy50 ca | ||
| 101 | 0 | _arus | |
| 102 | _aRU | ||
| 105 | _aa ||||||||| | ||
| 200 | 1 |
_aСупермен из глубинки _e[роман] _fСергей Валяев |
|
| 210 |
_aМосква _cПодвиг _d2005 |
||
| 215 |
_a284,[3] с. _cил. _d20 |
||
| 225 | 1 |
_aПодвиг _v8'2005 |
|
| 225 | 1 | _aДетективы | |
| 423 | 0 |
_12001#$aПояс Верности$e[рассказ]$fОлег Тенчурин$g[худож. Ольга Акулинина] _1700#1$aТенчурин$bО.$gОлег$4070 _1210##$aМосква$d2005 _1215##$aС.221-281 _tПояс Верности _aТенчурин, Олег |
|
| 686 | _aШ6(2=Р)75-446 | ||
| 686 | _aШ6(2=Р)75-446Тенчурин | ||
| 700 | 1 |
_aВаляев _bС. _gСергей _4070 |
|
| 801 | 0 |
_aRU _bNLR _c20051004 _gPSBO |
|
| 801 | 1 |
_aRU _bNLR _c20051004 |
|
| 942 | _cBOOK | ||
| 980 | _aNB | ||